[Event "1. liga V 24/25, BSS-Morenda"]
[Site ""]
[Date "2024.11.10"]
[Round "2.2"]
[White "Kociscak, Jiri"]
[Black "Gnojek, Petr"]
[Result "1/2-1/2"]
[WhiteFideId "322121"]
[BlackFideId "371807"]
[WhiteElo "2477"]
[BlackElo "2420"]
[PlyCount "0"]
[WhiteTeam "Moravska Slavia Brno B"]
[BlackTeam "BSS Frydek-Mistek B"]
[EventDate "2024.10.20"]

1. d4 d6 2. c4 g6 3. Nc3 Bg7 4. e4 e5 5. d5 Nf6 6. Bd3 O-O 7. Nge2 a5 8. O-O
Na6 9. f3 Nh5 10. Be3 f5 11. exf5 Bxf5 12. Ne4 Bxe4 13. Bxe4 b6 14. Nc3 Nc5
15. Qd2 Qd7 16. Bc2 Qe7 17. Rae1 Qh4 18. b3 Qf6 19. Nb5 Qe7 20. a3 Qd7 21. b4
Nb7 22. Be4 Nf6 23. Qc2 axb4 24. axb4 Ra6 25. Ra1 Rfa8 26. Qc3 Nxe4 27. Rxa6
Rxa6 28. fxe4 Qg4 29. Qc2 Qd7 30. h3 Nd8 31. Qc3 Bf8 32. Ra1 Rxa1+ 33. Qxa1 c5
34. Qa3 Be7 35. Nc3 Nf7 36. b5 Kg7 37. Qa6 Bd8 38. Na4 Qc7 39. Bd2 Qb8 40. Kf1
Nh6 41. Ke2 Ng8 42. Nc3 h6 43. Nd1 Nf6 44. Nf2 Ne8 45. Ng4 h5 46. Nf2 Nf6 47.
Qa1 1/2-1/2

[Event "1. liga V 24/25, BSS-Morenda"]
[Site ""]
[Date "2024.11.10"]
[Round "2.3"]
[White "Mica, Marek"]
[Black "Zeman, Matyas"]
[Result "1-0"]
[WhiteFideId "382884"]
[BlackFideId "364398"]
[WhiteElo "2333"]
[BlackElo "2332"]
[PlyCount "0"]
[WhiteTeam "BSS Frydek-Mistek B"]
[BlackTeam "Moravska Slavia Brno B"]
[EventDate "2024.10.20"]

1. d4 d5 2. c4 e6 3. Nf3 a6 4. Bg5 Be7 5. Bxe7 Qxe7 6. Nbd2 Nf6 7. g3 O-O 8.
Bg2 dxc4 9. Nxc4 Qb4+ 10. Nfd2 Rd8 11. e3 c5 12. a3 Qb5 13. dxc5 Qxc5 14. b4
Qc7 15. O-O Nc6 16. Rc1 Bd7 17. Nb3 Rac8 18. Qd6 Be8 19. Qxc7 Rxc7 20. Nc5 Kf8
21. Na5 Nxa5 22. Nxe6+ fxe6 23. Rxc7 Nb3 24. Rxb7 Bb5 25. Re1 Nd2 26. h3 Rc8
27. Ra1 Nd5 28. Bxd5 exd5 29. a4 Bd3 30. b5 axb5 31. axb5 Nf3+ 32. Kg2 Be4 33.
g4 d4 34. Rba7 dxe3 35. fxe3 Nh4+ 36. Kg3 g5 37. b6 Rb8 38. Rd1 Ke8 39. Rd6
Bb7 40. Rh6 Kd7 41. Rxh7+ Kc6 42. Rg7 Kxb6 43. Raxb7+ 1-0

[Event "1. liga V 24/25, BSS-Morenda"]
[Site ""]
[Date "2024.11.10"]
[Round "2.4"]
[White "Roubalik, Jakub"]
[Black "Rabatin, Jakub"]
[Result "1/2-1/2"]
[WhiteFideId "322237"]
[BlackFideId "329517"]
[WhiteElo "2315"]
[BlackElo "2309"]
[PlyCount "0"]
[WhiteTeam "Moravska Slavia Brno B"]
[BlackTeam "BSS Frydek-Mistek B"]
[EventDate "2024.10.20"]

1. d4 d5 2. c4 e6 3. Nc3 Nf6 4. Nf3 c6 5. Bg5 Nbd7 6. e3 Be7 7. Qc2 O-O 8. Bd3
dxc4 9. Bxc4 b5 10. Be2 Bb7 11. O-O Rc8 12. Rfd1 Qc7 13. Bf4 Qb6 14. e4 b4 15.
e5 bxc3 16. exf6 Nxf6 17. bxc3 c5 18. Rab1 Be4 19. Bd3 Bxd3 20. Qxd3 Qc6 21.
Bg5 cxd4 22. cxd4 h6 23. Bxf6 Bxf6 24. d5 exd5 25. Qxd5 Rfd8 26. Qxc6 Rxd1+
27. Rxd1 Rxc6 28. Kf1 a5 29. Ke2 a4 30. Kd2 Rd6+ 31. Kc2 Rb6 32. Rb1 Rc6+ 33.
Kd2 Kh7 34. Rc1 Rd6+ 35. Ke2 Rb6 36. Rc2 Rb1 37. Nd2 Ra1 38. Ne4 Be5 39. g3 a3
40. Nd2 Bb2 41. Nc4 h5 42. Kd2 Rxa2 43. Nxa3 Rxa3 44. Rxb2 Kg6 1/2-1/2

[Event "1. liga V 24/25, BSS-Morenda"]
[Site ""]
[Date "2024.11.10"]
[Round "2.5"]
[White "Virostko, Petr"]
[Black "Pisk, Petr"]
[Result "1-0"]
[WhiteFideId "308340"]
[BlackFideId "304689"]
[WhiteElo "2303"]
[BlackElo "2287"]
[PlyCount "0"]
[WhiteTeam "BSS Frydek-Mistek B"]
[BlackTeam "Moravska Slavia Brno B"]
[EventDate "2024.10.20"]

1. d4 d5 2. c4 c6 3. Nc3 Nf6 4. Nf3 a6 5. e3 b5 6. b3 Bg4 7. Be2 Nbd7 8. O-O
e6 9. h3 Bh5 10. Bb2 Bd6 11. Ne5 Bxe2 12. Nxe2 Rc8 13. Qd3 O-O 14. f3 Qc7 15.
Nxd7 Nxd7 16. e4 Qb7 17. c5 Be7 18. e5 Rce8 19. Kh1 f5 20. f4 Ra8 21. g4 g6
22. Bc3 a5 23. a4 b4 24. Bd2 Qa6 25. Qe3 Rae8 26. Rf2 Bh4 27. Rh2 Bd8 28. Rg1
Kf7 29. h4 fxg4 30. h5 Rg8 31. Rxg4 Nf8 32. hxg6+ hxg6 33. Ng3 Rg7 34. Qf3 Qb7
35. f5 Kg8 36. Bh6 exf5 37. Nxf5 Rh7 38. Nd6 Qe7 39. Nxe8 1-0

[Event "1. liga V 24/25, BSS-Morenda"]
[Site ""]
[Date "2024.11.10"]
[Round "2.6"]
[White "Holemar, David"]
[Black "Nytra, Ondrej"]
[Result "0-1"]
[WhiteFideId "307009"]
[BlackFideId "371955"]
[WhiteElo "2181"]
[BlackElo "2233"]
[PlyCount "0"]
[WhiteTeam "Moravska Slavia Brno B"]
[BlackTeam "BSS Frydek-Mistek B"]
[EventDate "2024.10.20"]

1. d4 d5 2. Nf3 c6 3. c4 e6 4. Nc3 dxc4 5. e4 b5 6. Be2 Nf6 7. O-O Bb7 8. Re1
a6 9. Bf1 Nbd7 10. Qc2 Be7 11. Bg5 c5 12. d5 exd5 13. Nxd5 Bxd5 14. exd5 O-O
15. Rad1 Bd6 16. g3 h6 17. Bc1 Qa5 18. b3 c3 19. Nh4 Rfe8 20. Nf5 Ne5 21. Bg2
Bf8 22. d6 Rad8 23. f4 Ng6 24. Rxe8 Nxe8 25. Bd5 Nxd6 26. Nxh6+ gxh6 27. Qxg6+
Kh8 28. Qc2 Bg7 29. Be3 Qb4 30. Bf3 Bd4 31. Bf2 Re8 32. Kg2 f5 33. a3 Qxa3 34.
Rxd4 cxd4 35. Bxd4+ Kh7 36. Qxc3 Ne4 37. Qc6 Qe7 38. Be5 Qe6 39. Bxe4 fxe4 40.
Qxe4+ Kg8 41. Qb7 Re7 42. Qa8+ Kf7 43. Qe4 a5 44. h4 Ke8 45. Qa8+ Kf7 46. Qe4
b4 47. Kh2 Kg8 48. Qa8+ Re8 49. Qb7 Qf7 50. Qc6 Rd8 51. Bd6 Qe6 0-1

[Event "1. liga V 24/25, BSS-Morenda"]
[Site ""]
[Date "2024.11.10"]
[Round "2.7"]
[White "Holeksa, Zdenek"]
[Black "Bures, Vit"]
[Result "1-0"]
[WhiteFideId "316261"]
[BlackFideId "309052"]
[WhiteElo "2285"]
[BlackElo "2167"]
[PlyCount "0"]
[WhiteTeam "BSS Frydek-Mistek B"]
[BlackTeam "Moravska Slavia Brno B"]
[EventDate "2024.10.20"]

1. e4 e5 2. Nf3 Nc6 3. Nc3 Nf6 4. Bb5 Bb4 5. O-O O-O 6. d3 d6 7. Bg5 Ne7 8.
Nh4 c6 9. Bc4 d5 10. Bxf6 gxf6 11. Bb3 a5 12. a3 Bxc3 13. bxc3 a4 14. Ba2 Be6
15. f4 exf4 16. d4 Ng6 17. Nxg6 fxg6 18. exd5 cxd5 19. Rb1 Qd6 20. Rb4 Rf7 21.
Qd2 g5 22. Re1 Kg7 23. c4 dxc4 24. Rxe6 Qxe6 25. Bxc4 Qe3+ 26. Qxe3 fxe3 27.
Bxf7 Kxf7 28. g4 Re8 29. Kf1 Re4 30. Ke2 Rxg4 31. Kxe3 Rh4 32. c4 Rxh2 33.
Rxb7+ Ke8 34. d5 f5 35. d6 f4+ 36. Kf3 Rh3+ 37. Ke4 f3 38. Re7+ Kf8 39. Re5 f2
40. d7 Rd3 41. Rf5+ 1-0

[Event "1. liga V 24/25, BSS-Morenda"]
[Site ""]
[Date "2024.11.10"]
[Round "2.8"]
[White "Kredl, Karel"]
[Black "Stepan, Patrik"]
[Result "1/2-1/2"]
[WhiteFideId "315893"]
[BlackFideId "358444"]
[WhiteElo "2058"]
[BlackElo "2223"]
[PlyCount "0"]
[WhiteTeam "Moravska Slavia Brno B"]
[BlackTeam "BSS Frydek-Mistek B"]
[EventDate "2024.10.20"]

1. d4 Nf6 2. c4 e6 3. Nf3 Bb4+ 4. Bd2 c5 5. Bxb4 cxb4 6. e3 b6 7. Be2 Bb7 8.
O-O O-O 9. a3 bxa3 10. b4 d6 11. Rxa3 Qe7 12. Qb3 Nbd7 13. Nc3 a6 14. Nd2 e5
15. Bf3 e4 16. Be2 Rfb8 17. Rc1 g6 18. h3 Kg7 19. Qb2 Kg8 20. Qb3 Kg7 21. Qb2
Kg8 22. Qb3 Kg7 1/2-1/2

[Event "1. liga V 24/25, Poruba-Duras"]
[Site ""]
[Date "2024.11.10"]
[Round "2.1"]
[White "Rasik, Vitezslav"]
[Black "Shengelia, David"]
[Result "1/2-1/2"]
[WhiteFideId "300306"]
[BlackFideId "13601270"]
[WhiteElo "2420"]
[BlackElo "2458"]
[PlyCount "0"]
[WhiteTeam "SK Slavoj Poruba B"]
[BlackTeam "Duras Charlie's Street Brno"]
[EventDate "2024.10.20"]

1. e4 c5 2. Nf3 e6 3. g3 Nc6 4. Bg2 Nf6 5. Qe2 e5 6. O-O d6 7. c3 Be7 8. Rd1
Qc7 9. Na3 O-O 10. d4 h6 11. d5 Nb8 12. Nxe5 dxe5 13. d6 Bxd6 14. Nb5 Qe7 15.
Nxd6 Bg4 16. Nf5 Qc7 17. Bf3 Bxf5 18. exf5 Nbd7 19. Bg2 Rfe8 20. Be3 e4 21.
Bf4 Qc8 22. f3 e3 23. Rd3 Nb6 24. Rxe3 Qxf5 25. Qd3 Qh5 26. Rae1 Red8 27. Qc2
Qd5 28. Bc7 Rd7 29. Bxb6 axb6 30. a3 Rad8 31. f4 Qd6 32. R3e2 c4 33. Qf5 Qc5+
34. Qxc5 bxc5 35. Bf3 b6 36. Re7 Rd2 37. R1e2 Kf8 38. Kf2 g5 1/2-1/2

[Event "1. liga V 24/25, Poruba-Duras"]
[Site ""]
[Date "2024.11.10"]
[Round "2.2"]
[White "Blahynka, Martin"]
[Black "Barski, Radoslaw"]
[Result "1-0"]
[WhiteFideId "334766"]
[BlackFideId "1131710"]
[WhiteElo "2384"]
[BlackElo "2392"]
[PlyCount "0"]
[WhiteTeam "Duras Charlie's Street Brno"]
[BlackTeam "SK Slavoj Poruba B"]
[EventDate "2024.10.20"]

1. d4 Nf6 2. Bf4 e6 3. Nf3 c5 4. e3 Nc6 5. Nbd2 d5 6. c3 Bd6
7. Bg3 O-O 8. Bd3 b6 9. Qe2 Bb7 10. Rd1 a5 11. e4 Be7 12. a3 cxd4 13. cxd4
dxe4 14. Nxe4 Nd5 15. h4 a4 16. Neg5 g6 17. Ne4 Ra5 18. h5 g5 19. h6 g4 20.
Ne5 f5 21. Nxc6 Bxc6 22. Nd2 f4 23. Qxg4+ Bg5 24. Rh5 fxg3 25. Rxg5+ Kh8 26.
Rxd5 1-0

[Event "1. liga V 24/25, Poruba-Duras"]
[Site "?"]
[Date "2024.11.10"]
[Round "2.3"]
[White "Velicka, Petr"]
[Black "Vyskocil, Neklan"]
[Result "1/2-1/2"]
[WhiteElo "2334"]
[BlackElo "2269"]
[PlyCount "232"]
[EventDate "2024.10.20"]
[WhiteTeam "SK Slavoj Poruba B"]
[BlackTeam "Duras Charlie's Street Brno"]

1. e4 c5 2. Nf3 d6 3. Bb5+ Bd7 4. Bxd7+ Nxd7 5. c4 Ngf6 6. Nc3 g6 7. O-O Bg7 8.
d4 cxd4 9. Nxd4 O-O 10. b3 Nc5 11. Re1 Qd7 12. f3 Ne6 13. Be3 Nxd4 14. Bxd4
Rfe8 15. Qd2 Qd8 16. Rad1 Nd7 17. Bxg7 Kxg7 18. Kh1 Qa5 19. Qb2 Kg8 20. Rd5 Qc7
21. Qd2 Nf6 22. Rd3 Rad8 23. Rd1 Rc8 24. g4 a6 25. a4 Qc5 26. Kg2 Qe5 27. h3 g5
28. Nd5 h6 29. Nxf6+ Qxf6 30. Rd5 Rc5 31. e5 Rxd5 32. exf6 Rxd2+ 33. Rxd2 exf6
34. Rxd6 Re6 35. Rxe6 fxe6 36. Kf2 Kf7 37. Ke3 f5 38. Kd4 Kf6 39. Kc5 e5 40.
gxf5 Kxf5 41. Kb6 Kf4 42. Kxb7 Kxf3 43. c5 e4 44. c6 e3 45. c7 e2 46. c8=Q e1=Q
47. Qg4+ Kf2 48. Kxa6 Qe5 49. b4 h5 50. Qd7 Qe4 51. Qd2+ Qe2+ 52. Qxe2+ Kxe2
53. b5 g4 54. hxg4 hxg4 55. b6 g3 56. b7 g2 57. b8=Q g1=Q 58. Qe5+ Kd2 59. a5
Qg6+ 60. Kb7 Qf7+ 61. Kc6 Qc4+ 62. Qc5 Qa4+ 63. Qb5 Qc2+ 64. Kb6 Qc8 65. Qd5+
Ke2 66. a6 Qb8+ 67. Ka5 Qc7+ 68. Kb4 Qh7 69. Qe5+ Kf3 70. Qc3+ Kg2 71. Qd2+ Kh1
72. Qe1+ Kh2 73. Qe5+ Kh1 74. Ka5 Qd7 75. Kb6 Qd8+ 76. Qc7 Qd4+ 77. Kb7 Qb4+
78. Ka8 Kg1 79. Qb7 Qf8+ 80. Ka7 Kf1 81. Qb1+ Kg2 82. Qb8 Qa3 83. Qe5 Kh1 84.
Qe6 Qc5+ 85. Kb7 Qb4+ 86. Kc7 Qa5+ 87. Qb6 Qe5+ 88. Qd6 Qg7+ 89. Qd7 Qe5+ 90.
Kb7 Qb2+ 91. Ka8 Qh8+ 92. Ka7 Qe5 93. Qd1+ Kg2 94. Qd2+ Kh1 95. Qh6+ Kg2 96.
Qc6+ Kg1 97. Kb6 Qb2+ 98. Kc7 Qg7+ 99. Kb8 Qf8+ 100. Kb7 Qe7+ 101. Qc7 Qe4+
102. Ka7 Kf1 103. Qf7+ Kg1 104. Qf6 Qh7+ 105. Kb6 Qb1+ 106. Kc7 Qh7+ 107. Kd8
Qd3+ 108. Ke7 Qe3+ 109. Kf8 Qc5+ 110. Kg7 Qc7+ 111. Kg6 Qc2+ 112. Kh5 Qd1+ 113.
Kh6 Qa4 114. Qb6+ Kh1 115. Kg5 Qa3 116. Qc6+ Kg1 1/2-1/2

[Event "1. liga V 24/25, Poruba-Duras"]
[Site ""]
[Date "2024.11.10"]
[Round "2.4"]
[White "Zpevak, Pavel"]
[Black "Walter, Szymon"]
[Result "1/2-1/2"]
[WhiteFideId "300586"]
[BlackFideId "1172590"]
[WhiteElo "2284"]
[BlackElo "2324"]
[PlyCount "0"]
[WhiteTeam "Duras Charlie's Street Brno"]
[BlackTeam "SK Slavoj Poruba B"]
[EventDate "2024.10.20"]

1. d4 Nf6 2. c4 g6 3. Nc3 Bg7 4. Bg5 h6 5. Bh4 c5 6. e3 O-O 7. Nf3 d6 8. Be2
Bf5 9. O-O Nbd7 10. Bd3 Bg4 11. Be2 Qb6 12. b3 Rac8 13. Rc1 cxd4 14. Nxd4 Bxe2
15. Qxe2 e6 16. Rfd1 d5 17. cxd5 Nxd5 18. Nxd5 exd5 19. Rxc8 Rxc8 20. h3 Qc5
21. Bg3 Nf6 22. f3 a6 23. Bf2 h5 24. Qd2 Bh6 25. Kf1 Qc7 26. Ne2 Qe5 27. Nd4
Re8 28. Re1 Rc8 29. Ne2 1/2-1/2

[Event "1. liga V 24/25, Poruba-Duras"]
[Site ""]
[Date "2024.11.10"]
[Round "2.6"]
[White "Vadila, Ondrej"]
[Black "Neumann, Filip"]
[Result "1/2-1/2"]
[WhiteFideId "14944642"]
[BlackFideId "375640"]
[WhiteElo "2206"]
[BlackElo "2159"]
[PlyCount "0"]
[WhiteTeam "Duras Charlie's Street Brno"]
[BlackTeam "SK Slavoj Poruba B"]
[EventDate "2024.10.20"]

1. Nf3 Nf6 2. g3 d5 3. Bg2
e6 4. O-O Be7 5. d3 c5 6. Nbd2 Nc6 7. e4 b6 8. Re1 Bb7 9. c3 Qc7 10. Qe2 dxe4
11. dxe4 a5 12. Nc4 Ba6 13. Bf4 Bxc4 14. Qxc4 e5 15. Bg5 O-O 16. Nd2 h6 17.
Bxf6 Bxf6 18. Nf1 Ne7 19. Qb5 Rfd8 20. Ne3 Qc6 21. Bf1 Bg5 22. Qxc6 Nxc6 23.
Nd5 Rab8 24. h4 Bf6 25. a4 Ne7 26. Ne3 Nc6 27. Nc4 Kf8 28. Rad1 b5 29. axb5
Rxb5 30. Rd5 Be7 31. Ra1 Rbb8 32. Bh3 Ke8 33. Kf1 f6 34. Rad1 Rb7 35. Be6 Ra7
36. Ke2 a4 37. Nb6 Rb8 38. Bd7+ Kf8 39. Nxa4 Rxa4 40. Bxc6 Rxb2+ 41. R5d2 Raa2
1/2-1/2

[Event "1. liga V 24/25, Poruba-Duras"]
[Site ""]
[Date "2024.11.10"]
[Round "2.7"]
[White "Adamek, Jiri"]
[Black "Jires, Jiri"]
[Result "1-0"]
[WhiteFideId "315702"]
[BlackFideId "365718"]
[WhiteElo "2248"]
[BlackElo "2127"]
[PlyCount "0"]
[WhiteTeam "SK Slavoj Poruba B"]
[BlackTeam "Duras Charlie's Street Brno"]
[EventDate "2024.10.20"]

1. Nf3 Nf6 2. c4 g6 3. Nc3 c5 4.
d4 cxd4 5. Nxd4 Bg7 6. e4 d6 7. Be2 Nc6 8. Be3 Bd7 9. O-O O-O 10. Qd2 Nxd4 11.
Bxd4 Bc6 12. f3 a5 13. Rfd1 Nd7 14. Be3 Nc5 15. Rab1 Be5 16. Bf1 e6 17. Ne2
Qc7 18. g3 f5 19. exf5 Bxf3 20. fxe6 Be4 21. Rbc1 Nxe6 22. Nc3 Bf3 23. Nd5 Qf7
24. Re1 Ng7 25. Bg2 Bxg2 26. Qxg2 Nf5 27. Kh1 Nxe3 28. Nxe3 Qf2 29. Re2 Qxg2+
30. Kxg2 a4 31. Nd5 a3 32. b3 Kg7 33. Nc7 Rae8 34. Nxe8+ Rxe8 35. Rf1 Re7 36.
Rf3 Rc7 37. Rd3 b6 38. Rf2 Rc5 39. Kf1 b5 40. Rd5 Rxd5 41. cxd5 g5 42. Ke2 h5
43. Kd3 Kg6 44. Ke4 h4 45. gxh4 gxh4 46. h3 Bg3 47. Rf8 1-0

[Event "1. liga V 24/25, Poruba-Duras"]
[Site ""]
[Date "2024.11.10"]
[Round "2.8"]
[White "Novy, Martin"]
[Black "Machacek, Jan"]
[Result "0-1"]
[WhiteFideId "325155"]
[BlackFideId "23717700"]
[WhiteElo "2104"]
[BlackElo "2073"]
[PlyCount "0"]
[WhiteTeam "Duras Charlie's Street Brno"]
[BlackTeam "SK Slavoj Poruba B"]
[EventDate "2024.10.20"]

1. d4 d5 2. Nf3 Nf6 3. Bf4 c5 4.
e3 Nc6 5. dxc5 Bg4 6. Bb5 Qa5+ 7. Nc3 e6 8. Qd4 Bxf3 9. gxf3 Nd7 10. Bxc6 bxc6
11. Bd6 Bxd6 12. cxd6 O-O 13. O-O e5 14. Qd2 Qc5 15. Ne2 Qxd6 16. Rac1 Nb6 17.
b3 Rad8 18. Kh1 d4 19. Rcd1 Qf6 20. Kg2 dxe3 21. Qxe3 Nd5 22. Qe4 Qe6 23. Kh1
Nf6 24. Qe3 Qf5 25. c4 Qh3 26. f4 Qxe3 27. fxe3 Ne4 28. Kg2 exf4 29. exf4 Nd6
30. Ng3 Nb7 31. Nf5 Rfe8 32. Kf3 Kf8 33. Nd4 Rd6 34. Nc2 Rh6 35. Rf2 Nd6 36.
Nb4 Nf5 37. Rd7 Nh4+ 38. Kg3 Re3+ 39. Kg4 f5+ 40. Kg5 Rg6+ 41. Kh5 Ree6 42.
Kxh4 Rg4+ 43. Kh5 Rh6# 0-1

[Event "1. liga V 24/25, Orlova-SM"]
[Site ""]
[Date "2024.11.10"]
[Round "2.1"]
[White "Zylka, Stanislaw"]
[Black "Babula, Vlastimil"]
[Result "1/2-1/2"]
[WhiteFideId "1189654"]
[BlackFideId "391930"]
[WhiteElo "2364"]
[BlackElo "2301"]
[PlyCount "0"]
[WhiteTeam "SK Slavia Orlova"]
[BlackTeam "SK Stare Mesto"]
[EventDate "2024.10.20"]

1. e4 c5 2. Nf3 d6 3. Bb5+ Nd7 4. O-O Ngf6 5. d4 cxd4 6. Qxd4 e5 7. Qd3 h6 8.
c4 Be7 9. Nc3 O-O 10. Bxd7 Bxd7 11. b3 a6 12. a4 b5 13. axb5 axb5 14. Rxa8 Qxa8
15. cxb5 Rb8 16. Be3 Bxb5 17. Nxb5 Qa6 18. Nd2 Qxb5 19. Qxb5 Rxb5 20. Ra1 d5
21. exd5 Nxd5 22. Kf1 Bb4 1/2-1/2

[Event "1. liga V 24/25, Orlova-SM"]
[Site ""]
[Date "2024.11.10"]
[Round "2.2"]
[White "Delgerdalai, Bayarjavkhlan"]
[Black "Tomaszewski, Kacper"]
[Result "1/2-1/2"]
[WhiteFideId "23727276"]
[BlackFideId "1127373"]
[WhiteElo "2347"]
[BlackElo "2322"]
[PlyCount "0"]
[WhiteTeam "SK Stare Mesto"]
[BlackTeam "SK Slavia Orlova"]
[EventDate "2024.10.20"]

1. e4 e5 2. Nf3 Nc6 3. Bb5 Nf6 4. O-O Nxe4 5. Re1 Nd6 6. Nxe5 Nxe5 7. Rxe5+ Be7
8. Bf1 O-O 9. d4 Ne8 10. Nc3 Bf6 11. Re1 d5 12. Bd3 c6 13. Ne2 Nd6 14. Ng3 g6
15. c3 Be6 16. Bf4 Qd7 17. Qd2 Rfe8 18. Be5 Bxe5 19. dxe5 Nf5 20. Bxf5 Bxf5 21.
Rad1 Qe6 22. Qh6 f6 23. exf6 Qxf6 24. Qf4 Rf8 25. Re5 Bd7 26. Qxf6 Rxf6 27. f3
Re8 28. Rxe8+ Bxe8 29. Nf1 Kf7 30. Kf2 Ke7 31. Ne3 Bf7 32. Ng4 Re6 33. a3 h5
34. Ne3 Re5 35. f4 Re6 36. Kf3 Rd6 37. g4 hxg4+ 38. Nxg4 Be6 39. Ne5 Bf5 40.
Ke3 c5 41. Rd2 Ke6 42. h4 a5 43. Nf3 a4 44. Ng5+ Kf6 45. Nf3 Rd7 46. Ne5 Rd8
47. Nf3 Re8+ 48. Ne5 Ke6 49. Rg2 b5 50. Kd2 Kf6 51. Rh2 d4 52. cxd4 cxd4 53.
Rh1 Rc8 54. Nd3 Be4 55. Rh3 Rh8 56. Nc5 Kf5 57. Rg3 Kxf4 58. Nxe4 Kxe4 59. Rg4+
Kf3 60. Rxd4 Kg3 61. Rd6 Rg8 62. Rd4 Rf8 63. Rd6 Rg8 64. Rd4 Kh3 65. Kc3 Rc8+
66. Kb4 1/2-1/2

[Event "1. liga V 24/25, Orlova-SM"]
[Site ""]
[Date "2024.11.10"]
[Round "2.3"]
[White "Sramek, Vojtech"]
[Black "Hajek, Oskar"]
[Result "0-1"]
[WhiteFideId "358681"]
[BlackFideId "374512"]
[WhiteElo "2245"]
[BlackElo "2251"]
[PlyCount "0"]
[WhiteTeam "SK Slavia Orlova"]
[BlackTeam "SK Stare Mesto"]
[EventDate "2024.10.20"]

1. e4 e5 2. Nf3 Nf6 3. Nxe5 d6 4. Nf3 Nxe4 5. Nc3 Nxc3 6. dxc3 Be7 7. Be3 Nd7
8. Qd2 Nf6 9. O-O-O O-O 10. Bd3 c5 11. Rhe1 Be6 12. Bg5 Qa5 13. a3 b5 14. Qf4
Rab8 15. Qh4 Rfe8 16. Bxh7+ Nxh7 17. Bxe7 b4 18. cxb4 cxb4 19. Bxd6 bxa3 20.
Bxa3 Rec8 21. Re5 Qc7 22. Rc5 Qb6 23. Rxc8+ Rxc8 24. Nd4 Nf6 25. Nxe6 Qxe6 26.
Qd4 Qa2 27. c3 Re8 28. Qd3 Re5 29. Qd8+ Re8 30. Qd3 Re5 31. f3 Nd5 32. Qd4 Re2
33. Rd2 Re1+ 34. Kc2 Ne3+ 35. Kd3 Qb1+ 0-1

[Event "1. liga V 24/25, Orlova-SM"]
[Site ""]
[Date "2024.11.10"]
[Round "2.4"]
[White "Worek, Joanna"]
[Black "Mrazek, Lumir"]
[Result "0-1"]
[WhiteFideId "1118080"]
[BlackFideId "332127"]
[WhiteElo "2246"]
[BlackElo "2325"]
[PlyCount "0"]
[WhiteTeam "SK Stare Mesto"]
[BlackTeam "SK Slavia Orlova"]
[EventDate "2024.10.20"]

1. e4 c5 2. Nf3 Nc6 3. Bb5 g6 4. O-O Bg7 5. Re1 Nf6 6. c3 O-O 7. d4 cxd4 8.
cxd4 d5 9. Bxc6 bxc6 10. e5 Ne4 11. Be3 Rb8 12. Qc1 Qb6 13. b3 f5 14. h3 f4 15.
Bxf4 g5 16. Be3 Bxh3 17. Nbd2 Nxd2 18. Nxd2 Bd7 19. Nf1 g4 20. Qa3 e6 21. Ng3
Rb7 22. Rac1 Qb4 23. Qb2 Be8 24. Qe2 h5 25. Rc5 a5 26. Rec1 a4 27. R5c3 Qa3 28.
Qa6 Qe7 29. Qd3 axb3 30. Rxb3 Ra7 31. Qe2 h4 32. Nf1 g3 33. fxg3 hxg3 34. Nxg3
Qh4 35. Bf2 Qg5 36. Rf1 c5 37. dxc5 Bxe5 38. Re3 Bd4 39. Rxe6 Rxf2 40. Rxf2 Bf7
41. Nh1 Bxe6 42. Qxe6+ Kg7 43. c6 Re7 44. Qh3 Qf4 45. g3 Qf3 46. Kf1 Bxf2 47.
Nxf2 Rf7 48. Qh2 Qd1+ 49. Kg2 Qc2 50. Kg1 Qc1+ 51. Kg2 Qxc6 52. Qh4 Qb6 53.
Qg5+ Kf8 54. Nd3 Qf6 55. Qxf6 Rxf6 56. Nf4 Rf5 57. Kf3 Kf7 58. Ke3 Ke7 59. a4
Kd6 60. Nd3 Rf8 61. g4 Ra8 62. Kf4 Rxa4+ 63. Kf5 Ra8 64. g5 Rf8+ 65. Kg4 d4 66.
g6 Kd5 67. Kg5 Rf3 68. Kg4 Rf1 69. Kg5 Ke4 70. Nc5+ Ke5 71. g7 Rg1+ 72. Kh6 Kf6
73. Ne4+ Kf7 74. Nd6+ Kg8 0-1

[Event "1. liga V 24/25, Orlova-SM"]
[Site ""]
[Date "2024.11.10"]
[Round "2.5"]
[White "Radzimski, Antoni"]
[Black "Babula, Matej"]
[Result "1-0"]
[WhiteFideId "21052476"]
[BlackFideId "398322"]
[WhiteElo "2188"]
[BlackElo "2104"]
[PlyCount "0"]
[WhiteTeam "SK Slavia Orlova"]
[BlackTeam "SK Stare Mesto"]
[EventDate "2024.10.20"]

1. e4 e5 2. Nf3 Nc6 3. Nc3 Nf6 4. a3 d5 5. Bb5 dxe4 6. Nxe5 Bd7 7. Bxc6 Bxc6 8.
Nxc6 bxc6 9. Qe2 Qe7 10. O-O Qe5 11. d3 Bd6 12. f4 exf3 13. Qxe5+ Bxe5 14. Re1
f2+ 15. Kxf2 O-O-O 16. h3 Rhe8 17. Be3 Kb8 18. Rad1 Nd5 19. Nxd5 cxd5 20. c4
dxc4 21. dxc4 Bg3+ 22. Kxg3 Rxe3+ 23. Rxe3 Rxd1 24. Re8+ Kb7 25. Rh8 Rf1 26.
Rxh7 g5 27. Rg7 f6 28. Rf7 a5 29. b3 Rf4 30. Rf8 Rf1 31. Rd8 Ra1 32. a4 Rb1 33.
Rd3 f5 34. Rf3 Kb6 35. Rxf5 Rxb3+ 36. Kg4 Rb4 37. Kxg5 Rxa4 38. h4 Rxc4 39. h5
Rc3 40. Rf3 Rc2 41. Rg3 Rd2 42. h6 Rd5+ 43. Kg6 Rd6+ 44. Kg7 Rd7+ 45. Kh8 Rd8+
46. Rg8 Rd7 47. h7 a4 48. Ra8 Rd2 49. g4 Rd4 50. g5 Rg4 51. Rg8 a3 52. Rg6+ c6
53. Kg8 Ra4 54. Rf6 a2 55. Rf1 1-0

[Event "1. liga V 24/25, Orlova-SM"]
[Site ""]
[Date "2024.11.10"]
[Round "2.6"]
[White "Vrana, Frantisek"]
[Black "Kostka, Vit"]
[Result "1/2-1/2"]
[WhiteFideId "302066"]
[BlackFideId "349232"]
[WhiteElo "2114"]
[BlackElo "2180"]
[PlyCount "0"]
[WhiteTeam "SK Stare Mesto"]
[BlackTeam "SK Slavia Orlova"]
[EventDate "2024.10.20"]

1. d4 d5 2. Bf4 Nf6 3. e3 e6 4. Nd2 Bd6 5. Bg3 O-O 6. Bd3 b6 7. Qe2 c5 8. c3
Nc6 9. Ngf3 Bb7 10. dxc5 bxc5 11. e4 Be7 12. e5 Nh5 13. Ng1 g6 14. Nh3 Qb6 15.
Nf3 c4 16. Bb1 d4 17. O-O d3 18. Qd2 Rfd8 19. Re1 Rab8 20. Bh4 Ba8 21. b3 cxb3
22. axb3 Qxb3 23. Re3 Bxh4 24. Nxh4 Qb2 25. Qxb2 Rxb2 26. Bxd3 Nxe5 27. Be2 Nd7
28. Bxh5 gxh5 29. Rd3 Bd5 30. Nf4 Rdb8 31. Nxd5 Rb1+ 32. Rd1 Rxd1+ 33. Rxd1
exd5 34. g3 Nf6 35. Nf5 Kf8 36. Ra1 Rb7 37. Ra6 Ne4 38. f3 Ng5 39. Rd6 Ne6 40.
Rxd5 Rc7 41. Rb5 f6 42. Rb8+ Kf7 43. c4 Kg6 44. Ne3 Nd4 45. Kf2 a5 46. Ra8 Rc5
47. Ra6 h4 48. Nd5 hxg3+ 49. hxg3 Rxc4 50. Rxa5 Nc6 51. Ra6 Rc5 52. Nf4+ Kf7
53. g4 Rc3 54. Kg3 Ne5 55. Rxf6+ Kxf6 56. Nd5+ Kg6 57. Nxc3 Nxf3 58. Kxf3 h5
1/2-1/2

[Event "1. liga V 24/25, Orlova-SM"]
[Site ""]
[Date "2024.11.10"]
[Round "2.7"]
[White "Lojek, Marek"]
[Black "Dvoulety, Pavel"]
[Result "1-0"]
[WhiteFideId "358649"]
[BlackFideId "324981"]
[WhiteElo "2112"]
[BlackElo "2059"]
[PlyCount "0"]
[WhiteTeam "SK Slavia Orlova"]
[BlackTeam "SK Stare Mesto"]
[EventDate "2024.10.20"]

1. e4 c5 2. Nf3 Nc6 3. Bb5 a6 4. Bxc6 dxc6 5. O-O Bg4 6. d3 Qc7 7. Be3 e6 8.
Nbd2 Nf6 9. Qe2 Be7 10. Rfe1 Nd7 11. h3 Bh5 12. Qf1 Bxf3 13. Nxf3 h6 14. Nd2
O-O-O 15. a4 g5 16. Nc4 f5 17. exf5 exf5 18. Bf4 Qxf4 19. Rxe7 g4 20. g3 Qf3
21. Qg2 Qxg2+ 22. Kxg2 Nf6 23. Rf7 Nd5 24. Rxf5 gxh3+ 25. Kxh3 Rhe8 26. Re5
Rxe5 27. Nxe5 Nb4 28. Rc1 Kc7 29. f4 b5 30. axb5 cxb5 31. Kg4 Nc6 32. Nxc6 Kxc6
33. Ra1 Kb6 34. f5 c4 35. dxc4 Rd4+ 36. Kh5 Rxc4 37. f6 Rxc2 38. Rf1 1-0